Englische Monarchen - Sudden Death - Statistiken

Allgemein
  • Dieses Quiz wurde 227 mal gespielt
  • Das Durchschnittsergebnis liegt bei 7 aus 13
Answers on the Grid
Answers color-coded by a green-red scale on the quiz's grid according to % correct below.
Alice
Andreas
Anne
Anton
Ben
Charlotte
Diana
Eduard
Elisabeth
Georg
Harry
Hazel
Heinrich
Isabelle
Jakob
Johann
Karl
Ludowika
Ludwig
Maria
Markus
Matthäus
Michel
Peter
Philipp
Richard
Sara
Stephan
Victoria
Wilhelm
 
Antwortstatistiken
Antwort % Korrekt
Elisabeth
81%
Georg
69%
Victoria
69%
Heinrich
64%
Richard
64%
Eduard
58%
Wilhelm
53%
Anne
45%
Maria
45%
Karl
38%
Jakob
34%
Johann
28%
Stephan
24%
Keine übereinstimmenden Quizze gefunden
Verteilung der Resultate
Anzahl Personen mit jedem Resultat
Perzentil nach korrekt beantworteten Fragen
Ihre Resultats-Entwicklung
Sie haben dieses Quiz noch nicht gespielt